000 00257 a2200121 4500
001 72080
082 _a297 AME
090 _c38807
_d38807
100 _aAmir Ali
245 _aThe Spirit of islam
260 _aLahore
_bElite Publisher
_c1988
300 _a412
942 _acaenust
_k297 AME
999 _c307153
_d307153